| 000 | 00607nam a2200217Ia 4500 | ||
|---|---|---|---|
| 005 | 20250508164502.0 | ||
| 008 | 008 250505s9999 xx 000 0 hin d | ||
| 020 | _a81-203-0965-0 | ||
| 037 | _aBooks to be hide in OPAC | ||
| 040 |
_aFEDL _beng _cFEDL |
||
| 041 |
_ahin _2eng |
||
| 084 |
_a001.42, VER/O _qFEDL |
||
| 100 | _aVerma S L | ||
| 245 | 0 | _aRajneeti vigyan mein anusandhan pravidhi | |
| 260 |
_aJaipur, India _bRajasthan Hindi Granth Akademi _c1980 |
||
| 300 | _a368p. | ||
| 365 |
_aINR _b26 |
||
| 546 | _aMACESE | ||
| 942 |
_cHB _h001.42, VER/O |
||
| 999 |
_c1389368 _d1389368 |
||